00373nam a22001337a 4500003000400000005001700004008004100021050002700062100002300089245006400112260003400176300002100210521000800231OSt20140310182948.0130205t xxu||||| |||| 00| 0 eng d aKF 5624.61b.R457 2010 aReyes, Virgilio D. aThe new income tax, law and accounting /cVirgilio D. Reyes aManila :bV. D. Reyes,c2010. a335 p. :c23 cm. aBSA